00306nam a22001217a 4500020001500000082001400015100001900029245003200048260004100080300001900121650002400140700002000164 a9694040086 a954.9 QUR aQuresshi, I.H. aA Short History of Pakistan aKarachibUniversity of Karachic2006 a294p. :e25 cm aHistory of Pakistan a I.H. Quresshi,